LIBRARY & INFORMATION CENTRE, KCAET, TAVANUR

ONLINE PUBLIC ACCESS CATALOGUE (OPAC)

Groundwater hydrology (Record no. 14037)

MARC details
000 -LEADER
fixed length control field 00279nam a22001217a 4500
020 ## - INTERNATIONAL STANDARD BOOK NUMBER
ISBN 9788120346192
082 ## - DEWEY DECIMAL CLASSIFICATION NUMBER
Classification number 551.49
Item number AGA/GR
100 ## - MAIN ENTRY--AUTHOR NAME
Personal name Agarwal, V.C
245 ## - TITLE STATEMENT
Title Groundwater hydrology
260 ## - PUBLICATION, DISTRIBUTION, ETC. (IMPRINT)
Place of publication New Delhi
Name of publisher PHI Learning Pvt. Ltd.
Year of publication 2012
300 ## - PHYSICAL DESCRIPTION
Number of Pages 360p
942 ## - ADDED ENTRY ELEMENTS (KOHA)
Koha item type Books
Holdings
Withdrawn status Lost status Damaged status Collection code Home library Current library Shelving location Date acquired Source of acquisition Cost, normal purchase price Full call number Accession Number Koha item type
      Non-fiction KAUAET KAUAET General Stacks 30/03/2013 Aman Book Stall, Calicut 325.00 551.49 AGA/GR 24054 Books
free website counter